000
00342nam a22001577a 4500
003
MACL
005
20151125140725.0
008
151125b xxu||||| |||| 00| 0 eng d
040
_c
MACL
041
_a
English
082
_a
070/GAU
100
_a
Gaur,Sanjay
_9
18228
245
_a
E-Journalism
650
_a
Media
_9
18229
942
_2
ddc
_c
BK
999
_c
51131
_d
51131